000 00572nam a22002057a 4500
003 OSt
005 20171020180541.0
008 171020b xxu||||| |||| 00| 0 eng d
040 _aLDCLIB
_cLDCLIB
082 _222
_a341.2922
_bCHI
100 _aChild.
245 _aEuropean Community :
_b Law of competition /
_cBellamy and Child ; edited by P. M. Roth QC.
250 _a5th ed.
260 _aLondon :
_bSweet & Maxwell,
_c2001.
300 _a1339 p. ;
_c24 cm.
500 _aIncludes index.
650 _aEuropean Comminity
700 _aRoth, P. M.
942 _2ddc
_cBK
999 _c8530
_d8530